00658cas a2200205 a 45000220014000000400008000140820026000222450056000482600083001043000023001875000061002105000022002716500016002936500016003096500016003256500017003416500016003586500017003747100061003910 a0081-4539 cIXA00a338 FAO 2015 C101 Or.14aThe state of food provisioning as social protection aGeneva :bFood and Agriculture Organization of the United Nations,c1947-1949. a3 volumes ;c28 cm aPlace of publication varies, 1948-1949: Washington, D.C. aTitle from cover. 0aAgriculture 0aAgriculture 0aFood supply 7aAgriculture. 7aAgriculture 7aFood supply.2 aFood and Agriculture Organization of the United Nations.